| 000 | 00883nam0a22002291i 4500 | ||
|---|---|---|---|
| 001 | rc\741836 | ||
| 005 | 20240724000539.0 | ||
| 035 | _a(NLR Aleph) 006271243 | ||
| 090 |
_a6951634 _c6951634 |
||
| 100 | _a20040301d1985 u |0rusy50 ca | ||
| 101 | 0 | _arus | |
| 102 | _aRU | ||
| 105 | _ay ||||||||| | ||
| 200 | 1 |
_aПреодоление социальных различий в территориальном аспекте _e(На материале Казахстана) _eАвтореф. дис. на соиск. учен. степ. к. филос. н. _fКазах. гос. ун-т им. С.М. Кирова |
|
| 210 |
_aАлма-Ата _d1985 |
||
| 215 | _a22 с. | ||
| 320 | _aБиблиогр.: с. 22 | ||
| 700 | 1 |
_aТажин _bМ.М. _gМарат Мухамбетказиевич |
|
| 801 | 0 |
_aRU _bNLR _gpsbo |
|
| 801 | 1 |
_aRU _bELAR _2rusmarc |
|
| 852 |
_aNLR _j88-4/5333 |
||
| 942 | _cBOOK | ||